Economic growth in India and China : a comparative study V.3 (Record no. 188588)

MARC details
000 -LEADER
fixed length control field 00459nam a2200157Ia 4500
005 - DATE AND TIME OF LATEST TRANSACTION
control field 20250417142052.0
008 - FIXED-LENGTH DATA ELEMENTS--GENERAL INFORMATION
fixed length control field 231217s9999 xx 000 0 und d
020 ## - INTERNATIONAL STANDARD BOOK NUMBER
International Standard Book Number 9788131401743
082 ## - DEWEY DECIMAL CLASSIFICATION NUMBER
Classification number 338.9 EAP.3;1 R
100 ## - MAIN ENTRY--PERSONAL NAME
Personal name Eapen, Leena Mary ed.
245 #0 - TITLE STATEMENT
Title Economic growth in India and China : a comparative study V.3
260 ## - PUBLICATION, DISTRIBUTION, ETC. (IMPRINT)
Date of publication, distribution, etc. 2006
Name of publisher, distributor, etc. Icfai
Place of publication, distribution, etc. Hyderabad
300 ## - PHYSICAL DESCRIPTION
Extent ix,261
650 ## - SUBJECT ADDED ENTRY--TOPICAL TERM
Topical term or geographic name as entry element Economic,growth,India,China,comparative,V.3
942 ## - ADDED ENTRY ELEMENTS (KOHA)
Koha item type Books
Holdings
Date last seen Total Checkouts Full call number Accession number Old discount Cost, replacement price Price effective from Category Public note Lost status Damaged status Department Withdrawn status bill no. bill date Permanent Location Current Location Shelving location Entry date Vendor Cost, normal purchase price Grants Currency symbol Conversion rate Discount Discount type
26/01/2024   338.9 EAP.3;1 R 65142   38.00 26/01/2024 Books 65142     Central Library   1993 25/02/2014 Central Library Central Library Central Library 08/09/2010 ICFAI Press 38.00 MBA RS 1   Rupees
26/01/2024   338.9 EAP.3;2 R1 65143   38.00 26/01/2024 Books 65143     Central Library   1993 25/02/2014 Central Library Central Library F-Block Library Annex 08/09/2010 ICFAI Press 38.00 MBA RS 1   Rupees
26/01/2024   338.9 EAP.3;3 65220   38.00 26/01/2024 Books 65220     Central Library   1993 25/02/2014 Central Library Central Library Central Library 08/09/2010 ICFAI Press 38.00 MBA RS 1   Rupees
26/01/2024   338.9 EAP.3;4 65221   38.00 26/01/2024 Books 65221     Central Library   1993 25/02/2014 Central Library Central Library Central Library 08/09/2010 ICFAI Press 38.00 MBA RS 1   Rupees

© For any Suggestions or Query, please contact the library staff @ librarian@pes.edu or Phone: +9180 2672 1983/ 2108.